000 00659nam a22002177a 4500
003 0
005 20250901155541.0
008 250901b xxu||||| |||| 00| 0 eng d
020 _a979-8-88836-141-2
050 _aRA 781.67
_b.W45 2023
100 _aWhite, Addilyn,
_eauthor.
245 _aYoga :
_bthe ultimate guide /
_cAddilyn White.
260 _aNew York, NY :
_bLarsen and Keller Education,
_c2023.
300 _avi, 242 pages :
_bcolored illustrations ;
_c27 cm.
504 _aIncludes index.
650 _aYoga.
650 _aYoga
_xVocational guidance.
650 _aYoga
_xStudy and teaching.
650 _aDo-it-yourself work.
942 _2lcc
_cBK
999 _c367735
_d367735